[Event "BL 1617 Hamburger SK - DJK Aachen"]
[Site "?"]
[Date "2016.12.04"]
[Round "6.5"]
[White "Nijboer, Friso"]
[Black "Hansen, Sune Berg"]
[Result "1/2-1/2"]
[WhiteElo "2547"]
[BlackElo "2591"]
[PlyCount "94"]
[EventDate "2016.??.??"]

1. e4 e5 2. Nf3 Nc6 3. Bc4 Nf6 4. d3 Be7 5. O-O O-O 6. Re1 d6 7. c3 Na5 8. Bb5
a6 9. Ba4 c5 10. Nbd2 b5 11. Bc2 Nd7 12. Nf1 Nb6 13. Ng3 Nc6 14. h3 Re8 15. Be3
Rb8 16. Qe2 Bd7 17. Rad1 a5 18. d4 cxd4 19. cxd4 Qc7 20. b3 a4 21. Bb1 axb3 22.
axb3 Bf8 23. Qd2 Red8 24. Bd3 Qb7 25. Rc1 h6 26. Red1 exd4 27. Nxd4 Nxd4 28.
Bxd4 Be6 29. Qb2 Nd7 30. Re1 Ne5 31. Bf1 Nc6 32. Bc3 b4 33. Bd2 g6 34. Bc4 Bg7
35. Qb1 d5 36. exd5 Bxd5 37. Bf4 Rbc8 38. Bxd5 Rxd5 39. Ne4 Rcd8 40. Qc2 Nd4
41. Qc4 Ne6 42. Be3 Rd3 43. Nc5 Nxc5 44. Bxc5 Bc3 45. Re4 Qc7 46. Rf1 Qb7 47.
Bxb4 Bxb4 1/2-1/2

[Event "BL 1617 Hamburger SK - DJK Aachen"]
[Site "?"]
[Date "2016.12.04"]
[Round "6.6"]
[White "Ernst, Sipke"]
[Black "Dambacher, Martijn"]
[Result "1/2-1/2"]
[WhiteElo "2554"]
[BlackElo "2467"]
[PlyCount "92"]
[EventDate "2016.??.??"]

1. g3 f5 2. Nf3 Nf6 3. Bg2 e6 4. O-O d5 5. c4 c6 6. b3 Bd6 7. Ba3 e5 8. Bxd6
Qxd6 9. Qc1 Be6 10. Qa3 Qxa3 11. Nxa3 Nbd7 12. cxd5 Bxd5 13. Rfc1 O-O 14. Nc4
e4 15. Nd4 g6 16. b4 Rfd8 17. e3 c5 18. bxc5 Nxc5 19. Ne5 Ne6 20. Nxe6 Bxe6 21.
d4 Rac8 22. Bf1 Rxc1 23. Rxc1 Bxa2 24. Ra1 Bd5 25. Rxa7 Rc8 26. h3 Rc1 27. Ra8+
Kg7 28. g4 fxg4 29. hxg4 Be6 30. Ra7 Nxg4 31. Rxb7+ Kf6 32. Rxh7 Nxe5 33. dxe5+
Kxe5 34. Kg2 Bg4 35. Re7+ Kf5 36. Bb5 Bf3+ 37. Kg3 Rg1+ 38. Kh3 Rg2 39. Bd7+
Kf6 40. Re6+ Kf7 41. Rb6 Rxf2 42. Kg3 Rc2 43. Kf4 Rc5 44. Rb5 g5+ 45. Kg3 Rc7
46. Bg4 Rc3 1/2-1/2

[Event "BL 1617 Hamburger SK - DJK Aachen"]
[Site "?"]
[Date "2016.12.04"]
[Round "6.7"]
[White "Swinkels, Robin"]
[Black "Lampert, Jonas"]
[Result "1/2-1/2"]
[WhiteElo "2482"]
[BlackElo "2500"]
[PlyCount "106"]
[EventDate "2016.??.??"]

1. d4 d5 2. c4 c6 3. Nf3 Nf6 4. e3 Bg4 5. Qb3 Qb6 6. Nc3 e6 7. Nh4 Bh5 8. h3
Qxb3 9. axb3 Na6 10. g4 Nb4 11. Ra4 Bg6 12. Nxg6 hxg6 13. Be2 b6 14. Kf1 a5 15.
Kg2 Be7 16. Bd2 O-O-O 17. c5 bxc5 18. Rxa5 cxd4 19. exd4 Kb7 20. Na2 Nxa2 21.
Ba6+ Kc7 22. Rxa2 Ra8 23. Rha1 Ne4 24. Ba5+ Kd7 25. Bd3 Nd6 26. Bc3 Rxa2 27.
Rxa2 Rb8 28. Bc2 Nb5 29. Ra4 g5 30. Bd2 Rb7 31. Be3 Bf6 32. Kf1 Rb8 33. Kg2 Kc8
34. Bd3 Kc7 35. Kf1 Nxd4 36. Bxd4 Bxd4 37. Rxd4 Rxb3 38. Bh7 Rxb2 39. Bg8 e5
40. Ra4 f6 41. Ra7+ Rb7 42. Rxb7+ Kxb7 43. Ke2 Kc7 44. f3 Kd6 45. Bf7 c5 46.
Kd3 c4+ 47. Kc3 Kc5 48. Bg6 d4+ 49. Kc2 Kb4 50. Bf7 d3+ 51. Kd2 Kb3 52. Bd5 g6
53. Be6 Kb4 1/2-1/2

[Event "BL 1617 Hamburger SK - DJK Aachen"]
[Site "?"]
[Date "2016.12.04"]
[Round "6.8"]
[White "Heinemann, Thies"]
[Black "Braga, Fernando"]
[Result "1-0"]
[WhiteElo "2464"]
[BlackElo "2418"]
[PlyCount "127"]
[EventDate "2016.??.??"]

1. e4 e6 2. d4 d5 3. Nd2 Nf6 4. e5 Nfd7 5. Bd3 c5 6. c3 b6 7. Ne2 Ba6 8. Bxa6
Nxa6 9. O-O Be7 10. Nf4 O-O 11. Qg4 Kh8 12. Nf3 Nc7 13. Nh5 Rg8 14. Be3 f5 15.
exf6 gxf6 16. Qh3 Qf8 17. Rfe1 Bd6 18. Rad1 c4 19. Re2 Qf7 20. Rde1 Rae8 21.
Bc1 b5 22. g3 a5 23. Kh1 b4 24. Bf4 Bxf4 25. Nxf4 Nf8 26. Re3 bxc3 27. Rxc3 a4
28. Rce3 Rb8 29. R1e2 Rb6 30. Ra3 Ng6 31. Qh6 Ra8 32. Kg2 Kg8 33. Nxg6 hxg6 34.
h4 Nb5 35. Rae3 Rab8 36. Qf4 Nc7 37. Ra3 Rxb2 38. Rxb2 Rxb2 39. Rxa4 Rb7 40.
Nh2 Kf8 41. Ng4 Ke7 42. Ra5 Qg7 43. Qe3 g5 44. h5 Qh7 45. h6 Kf7 46. Qf3 Qh8
47. Rc5 Kg6 48. Rxc4 dxc4 49. Qxb7 Qd8 50. Qb1+ f5 51. Ne5+ Kh7 52. Qb6 c3 53.
Kg1 c2 54. Qc5 Nb5 55. Qxc2 Qxd4 56. Nf3 Qd5 57. Nxg5+ Kxh6 58. Qc1 Kg6 59. Nh3
Qxa2 60. Qc5 Qb3 61. Qe7 Qd1+ 62. Kh2 Nd4 63. Nf4+ Kh6 64. Qf6+ 1-0

[Event "BL 1617 OSG Baden Baden - SV Griesheim"]
[Site "?"]
[Date "2016.12.04"]
[Round "6.1"]
[White "Georgiadis, Nicolas"]
[Black "Caruana, Fabiano"]
[Result "1/2-1/2"]
[WhiteElo "2464"]
[BlackElo "2823"]
[PlyCount "124"]
[EventDate "2016.??.??"]

1. d4 Nf6 2. c4 d6 3. Nc3 g6 4. g3 Bg7 5. Bg2 O-O 6. Nf3 c6 7. O-O Bf5 8. Re1
Ne4 9. Nxe4 Bxe4 10. Bh3 d5 11. Ng5 Na6 12. a3 e6 13. b4 Bf5 14. Bxf5 exf5 15.
c5 Nc7 16. Bf4 Nb5 17. Nf3 Nc3 18. Qd3 Ne4 19. h4 a6 20. a4 Re8 21. Kg2 h6 22.
Rh1 Re6 23. Rab1 f6 24. Rb2 g5 25. Bc1 Qc7 26. Ne1 Rae8 27. Kf1 Qf7 28. Qf3 f4
29. gxf4 g4 30. Qd3 f5 31. h5 Bf6 32. e3 Kh8 33. Qd1 Rg8 34. Nd3 Ree8 35. Kg2
Rg7 36. Qf1 Qe6 37. Rc2 Reg8 38. a5 Qe8 39. Ne5 Kh7 40. Bb2 Qe6 41. Ba1 g3 42.
f3 Nf2 43. Bb2 Bxe5 44. dxe5 d4 45. Bxd4 Nxh1 46. Qxh1 Rd7 47. Rb2 Kg7 48. Qh4
Rf8 49. Kh3 Kg8 50. Kg2 Rff7 51. Qh1 Kf8 52. Qa1 Rd5 53. Rb1 Ke7 54. Qc3 Rd8
55. Qb3 Rd5 56. Rh1 Rxe5 57. Qxe6+ Rxe6 58. Rh3 Kf8 59. Rxg3 Rd7 60. Kh3 Kf7
61. Rg7+ Ke8 62. Rg6 Rde7 1/2-1/2

[Event "BL 1617 OSG Baden Baden - SV Griesheim"]
[Site "?"]
[Date "2016.12.04"]
[Round "6.3"]
[White "Grabarczyk, Miroslaw"]
[Black "Anand, Viswanathan"]
[Result "0-1"]
[WhiteElo "2432"]
[BlackElo "2779"]
[PlyCount "64"]
[EventDate "2016.??.??"]

1. e4 c5 2. Nf3 d6 3. d4 cxd4 4. Nxd4 Nf6 5. Nc3 a6 6. Be3 e6 7. Qd2 b5 8. f3
b4 9. Nce2 e5 10. Nb3 Nc6 11. c4 Be7 12. g4 g6 13. h4 Be6 14. Ng3 h5 15. g5 Nd7
16. Bd3 Nc5 17. Be2 a5 18. f4 exf4 19. Bxf4 Nxb3 20. axb3 O-O 21. Rd1 a4 22.
bxa4 b3 23. Qc3 Qb6 24. Bxd6 Bxd6 25. Rxd6 Qc5 26. Rd5 Bxd5 27. cxd5 Qxc3+ 28.
bxc3 Rxa4 29. Kd2 Ne5 30. Rb1 Rb8 31. Ke3 b2 32. Nf1 Rb3 0-1

[Event "BL 1617 OSG Baden Baden - SV Griesheim"]
[Site "?"]
[Date "2016.12.04"]
[Round "6.4"]
[White "Svidler, Peter"]
[Black "Tazbir, Marcin"]
[Result "1-0"]
[WhiteElo "2753"]
[BlackElo "2526"]
[PlyCount "87"]
[EventDate "2016.??.??"]

1. e4 c5 2. Nf3 d6 3. c3 Nf6 4. Be2 g6 5. O-O Bg7 6. Bb5+ Nc6 7. d4 cxd4 8.
cxd4 O-O 9. Nc3 Bg4 10. Bxc6 bxc6 11. h3 Bxf3 12. Qxf3 Qb6 13. Rd1 Nd7 14. b3
f5 15. exf5 Rxf5 16. Qd3 c5 17. Qe4 Qd8 18. Nd5 Rf7 19. Bg5 Nf6 20. Bxf6 exf6
21. Nf4 cxd4 22. Ne6 Qe8 23. Qd5 Rc8 24. Re1 Qd7 25. Rad1 Bf8 26. b4 Qb7 27.
Qxd4 Qa6 28. Qb2 Re8 29. Qb3 Qb7 30. b5 Kh8 31. a4 Rb8 32. Nf4 Qd7 33. Nd5 Bh6
34. Rd4 Re8 35. Rde4 Rxe4 36. Rxe4 Bg7 37. a5 f5 38. Rc4 Qe6 39. b6 axb6 40.
axb6 Rb7 41. Qd1 Rb8 42. Rc7 Rf8 43. b7 g5 44. Qb1 1-0

[Event "BL 1617 OSG Baden Baden - SV Griesheim"]
[Site "?"]
[Date "2016.12.04"]
[Round "6.5"]
[White "Jarmula, Lukasz"]
[Black "Wojtaszek, Radoslaw"]
[Result "0-1"]
[WhiteElo "2466"]
[BlackElo "2749"]
[PlyCount "44"]
[EventDate "2016.??.??"]

1. d4 Nf6 2. c4 e6 3. Nc3 Bb4 4. Qc2 b6 5. e4 c5 6. d5 Qe7 7. Be2 d6 8. a3
Bxc3+ 9. Qxc3 O-O 10. f3 exd5 11. exd5 Re8 12. Kf2 b5 13. b3 Nbd7 14. Bd2 Ne5
15. Re1 bxc4 16. bxc4 Rb8 17. h3 Ba6 18. g4 h6 19. Bf1 Qb7 20. f4 Nexg4+ 21.
hxg4 Rxe1 22. Kxe1 Qb1+ 0-1

[Event "BL 1617 OSG Baden Baden - SV Griesheim"]
[Site "?"]
[Date "2016.12.04"]
[Round "6.6"]
[White "Kasimdzhanov, Rustam"]
[Black "Walter, Stefan"]
[Result "1-0"]
[WhiteElo "2691"]
[BlackElo "2411"]
[PlyCount "63"]
[EventDate "2016.??.??"]

1. Nf3 d5 2. d4 Nf6 3. c4 e6 4. Nc3 Bb4 5. Qa4+ Nc6 6. e3 O-O 7. Bd2 Re8 8. Rd1
Bd7 9. Qb3 dxc4 10. Bxc4 Bd6 11. Qc2 h6 12. Ne2 e5 13. Bc3 e4 14. Nd2 Qe7 15.
h3 a6 16. a3 Bf5 17. Ba2 b5 18. d5 Ne5 19. Bxe5 Bxe5 20. Nb3 Bd7 21. Nc5 Bd6
22. Rc1 Qe5 23. Nd4 Qg5 24. g3 Re5 25. Nb7 Rc8 26. Qd2 Nxd5 27. Nxd6 cxd6 28.
Rxc8+ Bxc8 29. Nc6 Be6 30. Nxe5 Qxe5 31. Qd4 Qh5 32. g4 1-0

[Event "BL 1617 OSG Baden Baden - SV Griesheim"]
[Site "?"]
[Date "2016.12.04"]
[Round "6.7"]
[White "Grimm, Julius"]
[Black "Bacrot, Etienne"]
[Result "0-1"]
[WhiteElo "2281"]
[BlackElo "2689"]
[PlyCount "62"]
[EventDate "2016.??.??"]

1. b3 e5 2. Bb2 Nc6 3. Nf3 e4 4. Nd4 Nxd4 5. Bxd4 Ne7 6. e3 d5 7. d3 exd3 8.
Bxd3 Nc6 9. O-O Bd6 10. Nc3 Nxd4 11. exd4 Be6 12. Qh5 g6 13. Qh6 Qf6 14. Rae1
O-O-O 15. Ne2 Rde8 16. h3 c6 17. c3 Bd7 18. Ng3 Rxe1 19. Rxe1 Bf4 20. Nh5 Bxh6
21. Nxf6 Bd2 22. Rd1 Bxc3 23. Nxd5 Bxd4 24. Nf4 Be5 25. Ne2 Rd8 26. Bc4 b5 27.
Bd3 Be6 28. f4 Bg7 29. Kf2 Kc7 30. Ke3 Kb6 31. Rc1 h5 0-1

[Event "BL 1617 OSG Baden Baden - SV Griesheim"]
[Site "?"]
[Date "2016.12.04"]
[Round "6.8"]
[White "Naiditsch, Arkadij"]
[Black "Nothnagel, Holger"]
[Result "1-0"]
[WhiteElo "2687"]
[BlackElo "2301"]
[PlyCount "87"]
[EventDate "2016.??.??"]

1. e4 e5 2. Nf3 d6 3. d4 exd4 4. Qxd4 Nf6 5. Nc3 Be7 6. Bf4 O-O 7. O-O-O Be6 8.
h3 Nc6 9. Qe3 Nd7 10. g4 a6 11. Kb1 Re8 12. g5 Qb8 13. h4 b5 14. Bh3 Qb6 15.
Qe1 Nc5 16. Be3 b4 17. Nd5 Bxd5 18. exd5 Ne5 19. Nd2 Bf8 20. f4 Ng6 21. Qg3
Rxe3 22. Qxe3 Na4 23. Qb3 Nc5 24. Qc4 Qb5 25. Qd4 Na4 26. Nb3 Qb6 27. h5 Ne7
28. f5 Qxd4 29. Rxd4 Nb6 30. Rhd1 a5 31. f6 Nec8 32. Re4 Na7 33. Nxa5 Nb5 34.
Nc6 Na4 35. Rxb4 Nac3+ 36. bxc3 Nxc3+ 37. Kc1 Nxa2+ 38. Kb2 Nxb4 39. Nxb4 gxf6
40. gxf6 Bh6 41. Rg1+ Kh8 42. Nc6 Bf4 43. Kb3 h6 44. Rg7 1-0

[Event "BL 1617 SP Schwegenheim - SV Hockenheim"]
[Site "?"]
[Date "2016.12.04"]
[Round "6.1"]
[White "Tomashevsky, Evgeny"]
[Black "Neiksans, Arturs"]
[Result "1/2-1/2"]
[WhiteElo "2716"]
[BlackElo "2631"]
[PlyCount "67"]
[EventDate "2016.??.??"]

1. d4 Nf6 2. c4 e6 3. g3 d5 4. Nf3 Bb4+ 5. Bd2 Bd6 6. Bg2 c6 7. O-O Nbd7 8. Qc2
O-O 9. Bg5 h6 10. Bxf6 Nxf6 11. Nbd2 b6 12. e4 Be7 13. e5 Nd7 14. cxd5 cxd5 15.
Rfc1 Nb8 16. Bf1 Bd7 17. a3 Nc6 18. Qd3 a6 19. Be2 Na7 20. Qe3 Bb5 21. Bxb5
Nxb5 22. Qb3 Qb8 23. Rc2 Na7 24. Rac1 Rc8 25. Rxc8+ Nxc8 26. Qc3 Na7 27. Qc7
Qxc7 28. Rxc7 Bd8 29. Rc2 Kf8 30. Kf1 Ke8 31. Ke2 Kd7 32. Kd3 Nc6 33. Ng1 a5
34. Ne2 1/2-1/2

[Event "BL 1617 SP Schwegenheim - SV Hockenheim"]
[Site "?"]
[Date "2016.12.04"]
[Round "6.2"]
[White "Horvath, Adam"]
[Black "Vitiugov, Nikita"]
[Result "1/2-1/2"]
[WhiteElo "2501"]
[BlackElo "2726"]
[PlyCount "62"]
[EventDate "2016.??.??"]

1. e4 e5 2. Nf3 Nc6 3. Bb5 a6 4. Ba4 Nf6 5. O-O Be7 6. Re1 b5 7. Bb3 d6 8. c3
O-O 9. h3 Nb8 10. d4 Nbd7 11. Nbd2 Bb7 12. Bc2 Re8 13. Nf1 Bf8 14. Ng3 g6 15.
a4 c5 16. d5 c4 17. Bg5 h6 18. Be3 Nc5 19. Qd2 h5 20. Bxc5 dxc5 21. Reb1 Qc7
22. Qg5 Nh7 23. Qe3 Rab8 24. axb5 axb5 25. Ra7 Ra8 26. Rba1 Rxa7 27. Rxa7 Qb6
28. Ra2 Qf6 29. Ra5 Qb6 30. Ra2 Qf6 31. Ra5 Qb6 1/2-1/2

[Event "BL 1617 SP Schwegenheim - SV Hockenheim"]
[Site "?"]
[Date "2016.12.04"]
[Round "6.3"]
[White "Jobava, Baadur"]
[Black "Ruck, Robert"]
[Result "1/2-1/2"]
[WhiteElo "2702"]
[BlackElo "2561"]
[PlyCount "45"]
[EventDate "2016.??.??"]

1. d4 Nf6 2. c4 e6 3. Nf3 d5 4. Nc3 Bb4 5. cxd5 exd5 6. Qa4+ Nc6 7. Bg5 h6 8.
Bxf6 Qxf6 9. e3 O-O 10. Be2 Be6 11. O-O a6 12. Rfc1 Bd6 13. Qd1 Ne7 14. Rab1
Bf5 15. Bd3 c6 16. Bxf5 Nxf5 17. Na4 a5 18. Nb6 Rad8 19. Qa4 g5 20. Qxa5 g4 21.
Ne5 Bxe5 22. dxe5 Qxe5 23. Qb4 1/2-1/2

[Event "BL 1617 SP Schwegenheim - SV Hockenheim"]
[Site "?"]
[Date "2016.12.04"]
[Round "6.4"]
[White "Nemeth, Miklos"]
[Black "Howell, David W L"]
[Result "0-1"]
[WhiteElo "2463"]
[BlackElo "2644"]
[PlyCount "102"]
[EventDate "2016.??.??"]

1. e4 e6 2. d4 d5 3. Nd2 h6 4. Ngf3 Nf6 5. Bd3 c5 6. exd5 exd5 7. O-O c4 8.
Re1+ Be7 9. Bf1 Nc6 10. c3 Bg4 11. b3 cxb3 12. Qxb3 Qc7 13. Ne5 O-O 14. Nxc6
bxc6 15. Rxe7 Qxe7 16. Ba3 Qc7 17. Bxf8 Rxf8 18. Re1 c5 19. dxc5 Qxc5 20. Re3
Rc8 21. h3 Be6 22. Qa4 Qb6 23. Qa6 d4 24. cxd4 Rc2 25. Nb3 Nd5 26. Qxb6 axb6
27. Re2 Rxe2 28. Bxe2 Nc3 29. Bf3 Bc4 30. Bc6 Ne2+ 31. Kh2 Kf8 32. d5 Ke7 33.
Nd2 Bxa2 34. Ne4 Nd4 35. Bb7 Kd7 36. Kg3 Kc7 37. Ba6 Bxd5 38. Nc3 Bc6 39. Bc4
f6 40. f3 Kd6 41. Kf4 b5 42. Bd3 b4 43. Nb1 Kc5 44. Ke3 Bd5 45. h4 Nb5 46. g4
Nc3 47. Nd2 b3 48. f4 b2 49. g5 Ba2 50. gxh6 gxh6 51. Kf3 Kd4 0-1

[Event "BL 1617 SP Schwegenheim - SV Hockenheim"]
[Site "?"]
[Date "2016.12.04"]
[Round "6.5"]
[White "Buhmann, Rainer"]
[Black "Kovacs, Gabor"]
[Result "1/2-1/2"]
[WhiteElo "2626"]
[BlackElo "2468"]
[PlyCount "83"]
[EventDate "2016.??.??"]

1. d4 d5 2. Nf3 Nf6 3. Bf4 e6 4. e3 c5 5. Nbd2 Nc6 6. c3 Bd6 7. Bg3 Qe7 8. Bb5
Bd7 9. a4 a6 10. Bxc6 Bxc6 11. Nb3 Nd7 12. dxc5 Nxc5 13. Bxd6 Qxd6 14. Nxc5
Qxc5 15. Qd4 Qxd4 16. exd4 a5 17. Ne5 Ke7 18. Kd2 f6 19. Nd3 Kd6 20. Rhe1 Rhe8
21. f4 Re7 22. Re3 Be8 23. g4 Bg6 24. Nf2 h5 25. h3 Rh8 26. Rae1 b6 27. b3 Rhe8
28. Rg1 hxg4 29. hxg4 Rh8 30. Rh1 Rxh1 31. Nxh1 e5 32. f5 Be8 33. Ng3 exd4 34.
cxd4 Rxe3 35. Kxe3 g5 36. fxg6 Bxg6 37. Nf5+ Bxf5 38. gxf5 Ke7 39. Kf4 Kf7 40.
Kg4 Kg7 41. Kh5 Kh7 42. Kg4 1/2-1/2

[Event "BL 1617 SP Schwegenheim - SV Hockenheim"]
[Site "?"]
[Date "2016.12.04"]
[Round "6.7"]
[White "Moiseenko, Alexander"]
[Black "Csonka, Attila Istvan"]
[Result "1-0"]
[WhiteElo "2657"]
[BlackElo "2338"]
[PlyCount "69"]
[EventDate "2016.??.??"]

1. d4 Nf6 2. c4 e6 3. Nf3 b6 4. a3 Ba6 5. Qb3 d5 6. cxd5 exd5 7. Bg5 Be7 8. Nc3
c6 9. Bxf6 Bxf6 10. e4 Bxf1 11. Rxf1 O-O 12. O-O-O dxe4 13. Nxe4 Nd7 14. Rfe1
Qc7 15. Kb1 Rae8 16. Qc2 Bd8 17. h4 Nf6 18. Rc1 h6 19. Nxf6+ Bxf6 20. Rxe8 Rxe8
21. Qxc6 Qxc6 22. Rxc6 Re2 23. Rc2 Re4 24. h5 g5 25. hxg6 fxg6 26. Rd2 Kf7 27.
Kc2 Ke6 28. Kd3 Kf5 29. Rc2 g5 30. Rc6 Rf4 31. Rd6 h5 32. Nd2 h4 33. Ne4 Be5
34. Rd8 Bg7 35. Rd5+ 1-0

[Event "BL 1617 SP Schwegenheim - SV Hockenheim"]
[Site "?"]
[Date "2016.12.04"]
[Round "6.8"]
[White "Theel, Thomas"]
[Black "Baramidze, David"]
[Result "0-1"]
[WhiteElo "2167"]
[BlackElo "2603"]
[PlyCount "74"]
[EventDate "2016.??.??"]

1. d4 Nf6 2. Nf3 g6 3. b3 Bg7 4. Bb2 O-O 5. Nbd2 d5 6. e3 b6 7. Be2 Bb7 8. O-O
Nbd7 9. c4 e6 10. Rc1 c5 11. Qc2 Rc8 12. Qb1 Re8 13. Rfd1 Qe7 14. dxc5 bxc5 15.
cxd5 exd5 16. Bb5 Red8 17. Bf1 Nf8 18. Bc3 Ne6 19. Ba5 Re8 20. b4 d4 21. e4 Nf4
22. e5 Nd7 23. bxc5 Nxe5 24. Nxe5 Bxe5 25. g3 Rb8 26. Nb3 Bf3 27. Re1 Qd7 28.
Bd3 Qh3 29. Bf1 Qg4 30. Bd3 Qh3 31. Bf1 Qg4 32. Bd3 Nh3+ 33. Kf1 Ng5 34. Kg1
Bd5 35. Be2 Nf3+ 36. Bxf3 Qxf3 37. Kf1 Bxg3 0-1

[Event "BL 1617 Schachfr. Berlin - Schwäbisch "]
[Site "?"]
[Date "2016.12.04"]
[Round "6.1"]
[White "Rodshtein, Maxim"]
[Black "Melkumyan, Hrant"]
[Result "1-0"]
[WhiteElo "2695"]
[BlackElo "2633"]
[PlyCount "115"]
[EventDate "2016.??.??"]

1. d4 d5 2. c4 c6 3. Nf3 Nf6 4. e3 Bf5 5. Nc3 e6 6. Nh4 Be4 7. f3 Bg6 8. Qb3
Qc7 9. Bd2 Be7 10. Rc1 Ne4 11. Nxe4 Bxh4+ 12. Nf2 Qb6 13. g3 Be7 14. Nd3 Nd7
15. Nf4 Bf5 16. g4 Bh4+ 17. Kd1 Bg6 18. cxd5 exd5 19. Bb4 a5 20. Be1 Qxb3+ 21.
axb3 Bxe1 22. Kxe1 Nf8 23. Ra1 Ne6 24. b4 a4 25. h4 Nxf4 26. exf4 Bc2 27. Kd2
Bb3 28. Bd3 Kd7 29. Rhe1 Rae8 30. Re5 h6 31. Rae1 Kd8 32. f5 f6 33. Re6 Rxe6
34. fxe6 Ke7 35. h5 Bc4 36. Bc2 Ra8 37. Re3 b6 38. f4 Ra7 39. f5 b5 40. Ra3 Kd6
41. b3 Bf1 42. Ke1 Bg2 43. bxa4 bxa4 44. Ke2 Ra8 45. Bd1 Ra7 46. Kf2 Be4 47.
Ke3 Bg2 48. Be2 Be4 49. Kd2 Bg2 50. Kc3 Bh3 51. Kb2 Bg2 52. Ka2 Be4 53. Rc3 a3
54. Bd1 Bg2 55. Rc5 Bf1 56. Ra5 Ra6 57. Kxa3 Bc4 58. Kb2 1-0

[Event "BL 1617 Schachfr. Berlin - Schwäbisch "]
[Site "?"]
[Date "2016.12.04"]
[Round "6.2"]
[White "Piorun, Kacper"]
[Black "Matlakov, Maxim Sergeevich"]
[Result "0-1"]
[WhiteElo "2657"]
[BlackElo "2694"]
[PlyCount "68"]
[EventDate "2016.??.??"]

1. e4 e5 2. Nf3 Nc6 3. Bc4 Bc5 4. c3 Nf6 5. d3 O-O 6. Bg5 h6 7. Bh4 Be7 8. a4
d6 9. O-O Nh5 10. Bg3 g6 11. a5 a6 12. Nbd2 Kh7 13. d4 exd4 14. cxd4 Bf6 15.
Nb3 Bg4 16. Be2 Nxg3 17. hxg3 Re8 18. Qc2 Qe7 19. Rfe1 Bxf3 20. gxf3 Nxd4 21.
Nxd4 Bxd4 22. Bd3 Qf6 23. f4 c6 24. Kg2 Kg7 25. Re2 Re7 26. Rh1 Rh8 27. Rh4 g5
28. Rg4 Qe6 29. f3 Kf8 30. e5 dxe5 31. fxg5 hxg5 32. Rxd4 Qh3+ 33. Kf2 Qh2+ 34.
Ke1 Qg1+ 0-1

[Event "BL 1617 Schachfr. Berlin - Schwäbisch "]
[Site "?"]
[Date "2016.12.04"]
[Round "6.3"]
[White "Laznicka, Viktor"]
[Black "Kraemer, Martin"]
[Result "1-0"]
[WhiteElo "2661"]
[BlackElo "2573"]
[PlyCount "69"]
[EventDate "2016.??.??"]

1. d4 Nf6 2. c4 e6 3. Nf3 a6 4. Bg5 d5 5. e3 Be7 6. Nc3 h6 7. Bh4 O-O 8. Rc1 b6
9. cxd5 exd5 10. Bd3 Bb7 11. Bxf6 Bxf6 12. b4 Nd7 13. Qb3 c6 14. O-O Re8 15. e4
Nf8 16. e5 Be7 17. Ne2 Rb8 18. Nf4 Bg5 19. Nxg5 hxg5 20. Nh5 c5 21. Bb1 cxd4
22. Qg3 Rc8 23. f4 Rxc1 24. Rxc1 Ng6 25. fxg5 Qe7 26. Re1 Bc8 27. Nf6+ gxf6 28.
gxf6 Qf8 29. Bxg6 fxg6 30. Qxg6+ Kh8 31. Qh5+ Kg8 32. Rf1 Qf7 33. Qg5+ Kf8 34.
Qh6+ Kg8 35. Rf3 1-0

[Event "BL 1617 Schachfr. Berlin - Schwäbisch "]
[Site "?"]
[Date "2016.12.04"]
[Round "6.4"]
[White "Mista, Aleksander"]
[Black "Le Roux, Jean-Pierre"]
[Result "1-0"]
[WhiteElo "2592"]
[BlackElo "2552"]
[PlyCount "71"]
[EventDate "2016.??.??"]

1. e4 c6 2. d4 d5 3. Nc3 dxe4 4. Nxe4 Bf5 5. Ng3 Bg6 6. h4 h6 7. Nf3 Nd7 8. h5
Bh7 9. Bd3 Bxd3 10. Qxd3 e6 11. Bd2 Ngf6 12. O-O-O Bd6 13. Kb1 Qc7 14. Ne4 Nxe4
15. Qxe4 Nf6 16. Qe2 O-O-O 17. c4 Qe7 18. a3 Rhe8 19. Bc3 Ng4 20. g3 f5 21. Nh4
Nf6 22. Ng6 Qf7 23. b4 Bc7 24. Bb2 a5 25. Rd3 Ne4 26. Rhd1 a4 27. g4 Nf6 28. f3
Kb8 29. Ne5 Qe7 30. Qc2 fxg4 31. fxg4 Bxe5 32. dxe5 Nxg4 33. Qe2 Rxd3 34. Rxd3
Qg5 35. Rg3 Qf5+ 36. Ka2 1-0

[Event "BL 1617 Schachfr. Berlin - Schwäbisch "]
[Site "?"]
[Date "2016.12.04"]
[Round "6.5"]
[White "Michalik, Peter"]
[Black "Sprenger, Jan Michael"]
[Result "1-0"]
[WhiteElo "2551"]
[BlackElo "2519"]
[PlyCount "81"]
[EventDate "2016.??.??"]

1. e4 c5 2. Nf3 e6 3. d4 cxd4 4. Nxd4 Nc6 5. Nc3 a6 6. Nxc6 bxc6 7. Bd3 d5 8.
O-O Nf6 9. Re1 Be7 10. e5 Nd7 11. Qg4 Kf8 12. b3 c5 13. Bb2 Bb7 14. Ne2 h5 15.
Qf3 Kg8 16. Nf4 h4 17. c4 dxc4 18. Qxb7 cxd3 19. Qe4 Rc8 20. Qxd3 c4 21. bxc4
Nb6 22. Qe2 Nxc4 23. Red1 Qe8 24. Bd4 Rc6 25. Rac1 Qc8 26. Rc3 Na3 27. Rdc1
Rxc3 28. Rxc3 Qd7 29. Be3 Nb5 30. Rc1 h3 31. Nxh3 Rh4 32. f4 g6 33. Qc4 g5 34.
Bf2 Rh8 35. Nxg5 Kg7 36. a4 Na3 37. Qb3 Qd2 38. Qe3 Rd8 39. Ne4 Qd5 40. Qg3+
Kf8 41. Nf6 1-0

[Event "BL 1617 Schachfr. Berlin - Schwäbisch "]
[Site "?"]
[Date "2016.12.04"]
[Round "6.6"]
[White "Jakubowski, Krzysztof"]
[Black "Womacka, Mathias"]
[Result "0-1"]
[WhiteElo "2531"]
[BlackElo "2424"]
[PlyCount "86"]
[EventDate "2016.??.??"]

1. e4 c5 2. Nf3 d6 3. d4 cxd4 4. Nxd4 Nf6 5. Nc3 a6 6. Bc4 e6 7. Bb3 b5 8. O-O
Be7 9. Qf3 Qb6 10. Be3 Qb7 11. Qg3 b4 12. Na4 Nbd7 13. f3 O-O 14. Rfd1 Ne5 15.
Kh1 Bd7 16. Nb6 Nh5 17. Qe1 Qxb6 18. Nxe6 Qb7 19. Bd5 Bc6 20. Nxf8 Bxf8 21. c3
Bxd5 22. Rxd5 Nf6 23. Rdd1 a5 24. b3 d5 25. Bd4 Re8 26. f4 Ned7 27. e5 Ne4 28.
cxb4 axb4 29. Rd3 Bc5 30. Qe3 f6 31. exf6 Nexf6 32. Qf3 Qb6 33. Bxf6 Nxf6 34.
g4 Qe6 35. f5 Qe5 36. Rf1 Ne4 37. Qg2 h6 38. Rdf3 Qd4 39. h4 Nd2 40. Rf4 Qd3
41. f6 gxf6 42. g5 Nxf1 43. Rf3 Qe2 0-1

[Event "BL 1617 Schachfr. Berlin - Schwäbisch "]
[Site "?"]
[Date "2016.12.04"]
[Round "6.7"]
[White "Raykhman, Alexander"]
[Black "Schreiner, Peter"]
[Result "0-1"]
[WhiteElo "2412"]
[BlackElo "2472"]
[PlyCount "68"]
[EventDate "2016.??.??"]

1. d4 Nf6 2. c4 g6 3. Nc3 d5 4. Bf4 Bg7 5. e3 O-O 6. Rc1 Be6 7. cxd5 Nxd5 8.
Nxd5 Bxd5 9. Bxc7 Qd7 10. Nf3 Nc6 11. Bg3 Rac8 12. Be2 Nb4 13. O-O Rxc1 14.
Qxc1 Rc8 15. Qa1 Nxa2 16. Qb1 Qa4 17. Bd3 Nb4 18. Be4 Ba2 19. Qd1 Qxd1 20. Rxd1
b6 21. Ne5 Bb3 22. Ra1 f5 23. Bb7 Rc2 24. h4 Bxe5 25. Bxe5 a5 26. e4 Nd3 27.
exf5 gxf5 28. Ra3 a4 29. Bd5+ Bxd5 30. Rxd3 Rxb2 31. Rg3+ Kf8 32. Bf4 b5 33.
Rg5 a3 34. Rxf5+ Ke8 0-1

[Event "BL 1617 Schachfr. Berlin - Schwäbisch "]
[Site "?"]
[Date "2016.12.04"]
[Round "6.8"]
[White "Baldauf, Marco"]
[Black "Zpevak, Pavel"]
[Result "1-0"]
[WhiteElo "2437"]
[BlackElo "2355"]
[PlyCount "53"]
[EventDate "2016.??.??"]

1. d4 Nf6 2. c4 e6 3. Nc3 Bb4 4. Qc2 O-O 5. Nf3 c5 6. dxc5 Na6 7. g3 Nxc5 8.
Bg2 Nce4 9. O-O Bxc3 10. bxc3 Qc7 11. Nd4 d5 12. cxd5 exd5 13. Bf4 Qc5 14. Rac1
Re8 15. Qb3 b6 16. Qb4 Rd8 17. Rfd1 Ba6 18. f3 Nd6 19. Qxc5 bxc5 20. Nc6 Bxe2
21. Re1 Bc4 22. Nxd8 Rxd8 23. Re7 Nc8 24. Rc7 Bxa2 25. Bh3 Nb6 26. Rxa7 Bc4 27.
Bc7 1-0

[Event "BL 1617 SK König Tegel - USV TU Dresde"]
[Site "?"]
[Date "2016.12.04"]
[Round "6.1"]
[White "Eljanov, Pavel"]
[Black "Stern, Rene"]
[Result "1/2-1/2"]
[WhiteElo "2762"]
[BlackElo "2514"]
[PlyCount "95"]
[EventDate "2016.??.??"]

1. e4 e5 2. Nf3 Nc6 3. Bc4 Nf6 4. d3 Be7 5. O-O O-O 6. h3 d6 7. a4 a6 8. Re1 h6
9. a5 Nh7 10. Nc3 Ng5 11. Nd5 Nxf3+ 12. Qxf3 Be6 13. c3 Rc8 14. Qh5 Bg5 15.
Bxg5 Qxg5 16. Qxg5 hxg5 17. b4 Kh7 18. b5 axb5 19. Bxb5 Bxd5 20. exd5 Ne7 21.
d4 Nxd5 22. dxe5 dxe5 23. Rxe5 c6 24. Bd3+ Kh6 25. Rb1 Rc7 26. g3 Rd8 27. Rb3
Nf6 28. Be2 Rd5 29. Rxd5 Nxd5 30. Kf1 Kg6 31. Ke1 Rd7 32. c4 Ne7 33. c5 f5 34.
Bc4 Kf6 35. Re3 Nd5 36. Re8 Re7+ 37. Rxe7 Nxe7 38. Kd2 Ke5 39. Kd3 Nd5 40. Bb3
Nf6 41. f3 f4 42. gxf4+ gxf4 43. h4 Nd5 44. Ba4 g6 45. Bb3 Nb4+ 46. Kc4 Nd5 47.
Kd3 Nb4+ 48. Kc4 1/2-1/2